| 000 | 00645cam a2200217 a 4500 | ||
|---|---|---|---|
| 005 | 20131029100536.0 | ||
| 008 | 930325s1994 mau b 000 0 eng | ||
| 020 | _a0023091916 | ||
| 041 | 0 | _aeng | |
| 080 | _a303 | ||
| 245 | 0 | 0 |
_aConflict after the Cold War : _cedited by Richard K. Betts. |
| 260 |
_aBoston : _bAllyn and Bacon, _cc1994. |
||
| 300 |
_avii, 520 p. ; _c23 cm. |
||
| 500 | _aPreface : f. III-IV | ||
| 504 | _aIncludes bibliographical references. | ||
| 650 | 0 |
_aPolitika botërore _y1989- |
|
| 650 | 0 | _aLufta | |
| 650 | 0 | _aPaqja | |
| 700 | 1 |
_aBetts, Richard K., _d1947- |
|
| 942 |
_2udc _cBK |
||
| 999 |
_c203 _d203 |
||